Women in revolt /

Đã lưu trong:
Chi tiết về thư mục
Tác giả khác: Warhol, Andy (Nhiếp ảnh gia), Baraldini, Silvia (Người bình luận), Johnson, Jed (Nhiếp ảnh gia), Morrissey, Paul (Giám đốc), Woodlawn, Holly (Diễn viên), Kove, Martin (Diễn viên), Darling, Candy (Diễn viên), Curtis, Jackie (Diễn viên), Curti, Stefano (Biên tập viên), Kramer, Jonathan (attore) (Diễn viên), Sklar, Michael (Diễn viên), Braddell, Maurice (Diễn viên), Kemper, Johnny (Diễn viên)
Định dạng: Slide
Ngôn ngữ:Tiếng Italy
Tiếng Anh
Được phát hành: [Italia] : Raro video, 2006
Các nhãn: Thêm thẻ
Không có thẻ, Là người đầu tiên thẻ bản ghi này!

MARC

LEADER 00000ngm a22000007i 4500
001 IT\ICCU\UBO\3377574
003 ItRI
005 20260124182807.0
008 080220s2006 it |||||||||||||||k|||||c
028 4 2 |a RVD40112 
040 |b ita 
041 7 |a ita  |a eng  |2 ISO-639-2 
130 0 |a Women in revolt <film ; 1971>  |3 IT\ICCU\UBO\3381625 
245 0 0 |a Women in revolt /  |c regia Paul Morrissey ; fotografia Jed Johnson, Andy Warhol ; produzione Jed Johnson, Andy Warhol, Paul Morissey ; a cura di Mario Zonta, Stefano Curti. 
260 |a [Italia] :  |b Raro video,  |c 2006 
300 |a 1 DVD (99 min.) :  |b color., son 
500 |a Codice area: assente; Formato video: 4:3 
500 |a Tit. del contenitore 
500 |a Film del 1971, prod. USA; interpreti: Candy Darling, Jackie Curtis, Holly Woodlawn ... [et al.] 
500 |a Lingue: inglese, italiano; sottotitoli: italiano 
500 |a Contenuti extra: intervista con Mario Zonta (Andy Warhol foundation), About the film con Silvia Baraldini e Mario Zonta, scene tagliate e galleria fotografica con commento audio del regista; contiene un booklet bilingue italiano/inglese 
500 |a Vietato ai minori di 18 anni. 
700 1 |a Warhol, Andy  |0 IT\ICCU\CFIV\003786  |4 pht 
700 1 |a Baraldini, Silvia  |0 IT\ICCU\CFIV\142822  |4 cmm 
700 1 |a Johnson, Jed  |0 IT\ICCU\MILV\315800  |4 pht 
700 1 |a Morrissey, Paul  |0 IT\ICCU\RAVV\222167  |4 drt 
700 1 |a Woodlawn, Holly  |0 IT\ICCU\RAVV\385814  |4 act 
700 1 |a Kove, Martin  |0 IT\ICCU\TO0V\550408  |4 act 
700 1 |a Darling, Candy  |0 IT\ICCU\UBOV\224523  |4 act 
700 1 |a Curtis, Jackie  |0 IT\ICCU\UBOV\496791  |4 act 
700 1 |a Zonta, Mario  |0 IT\ICCU\UBOV\847304  |4 ive 
700 1 |a Curti, Stefano  |0 IT\ICCU\UBOV\953995  |4 edt 
700 1 |a Kramer, Jonathan  |c  (attore)  |0 IT\ICCU\VEAV\461413  |4 act 
700 1 |a Sklar, Michael  |0 IT\ICCU\VEAV\461414  |4 act 
700 1 |a Braddell, Maurice  |0 IT\ICCU\VEAV\461415  |4 act 
700 1 |a Kemper, Johnny  |0 IT\ICCU\VEAV\461416  |4 act 
790 1 |a Warhola, Andrew  |3 IT\ICCU\BVEV\057710  |z Warhol, Andy 
942 |2 ddc  |c VM  |n 0 
952 |0 0  |1 0  |4 0  |6 VO_1491_000000000000000  |7 0  |9 26376  |a BO  |b BO  |d 2026-01-24  |i 11643  |l 0  |o VO 1491  |p BO11643  |r 2026-01-24 18:28:07  |w 2026-01-24  |x [Sebina 5] [1 DVD]  |y VM  |z 1 DVD 
999 |c 22293  |d 22293